| 000 | 00802nam a22002297a 4500 | ||
|---|---|---|---|
| 005 | 20260506135955.0 | ||
| 008 | 260506b |||||||| |||| 00| 0 eng d | ||
| 020 | _a9789868350991 | ||
| 040 | _aBSOP | ||
| 041 | _achi | ||
| 050 | _aHG179 | ||
| 100 |
_6880-1 _aDayton, Howard |
||
| 245 |
_6880-1 _aYour money counts : _bthe biblical guide to earning, spending, saving, investing, giving, and getting out of debt {ch} / _cHoward Dayton. |
||
| 264 |
_aUSA : _bCrown Financial Ministries, _c2010. |
||
| 300 |
_aiv, 212p. : _billustrations ; _c21cm. |
||
| 504 | _aIncludes bibliographical references | ||
| 650 | _aFinance, Personal {ch}. | ||
| 650 | _aWealth -- Moral and ethical aspects {ch}. | ||
| 880 |
_6245-1 _a理財贏家 : 聖經引導17步 |
||
| 880 |
_6100-1 _a戴浩華 |
||
| 942 |
_2lcc _cBK |
||
| 999 |
_c55614 _d55614 |
||